000 00794 a2200193 4500
001 53828
005 20260407155809.0
008 260407a1967 arg spa d
003 AR-UNSa-BCEJYS
040 _aAR-UNSa-BCEJYS
_bspa
_cAR-UNSa-BCEJYS
080 _a342.5
_xPoderes del estado. Sistema y función de los órganos del gobierno
245 1 0 _aEl gobierno y la economía
264 1 _aMéxico :
_bLimusa-Wiley
_c1967
300 _a371 p.
_c18 cm.
505 _a1. El desarrollo de un vínculo – 2. El gobierno como promotor – 3. El gobierno como regulador: I – 4. El gobierno como regulador: II – 5. El gobierno como comprador – 6. El gobierno como administrador – 7. Las fronteras.
942 _cBK
590 _aniveau_biblio:m niveau_hierar:0
100 1 _aMusolf, Lloyd D.
999 _c5252
_d5252